Odhady pravdepodobnosti storna a ich použitie pri modelovaní peňažných tokov v životnom poistení diplomová práca

Saved in:
Bibliographic Details
Main Author: Klenovská, Romana
Corporate Author: Fakulta hospodárskej informatiky EU. Katedra matematiky a aktuárstva
Other Authors: Bilíková, Mária, 1951-
Format: Book
Language:Slovak
Published: Bratislava 2016
Tags: Add Tag
No Tags, Be the first to tag this record!

MARC

LEADER 00000nbm a2200000 4500
001 0216848
005 20170214150531.6
041 0 |a slo 
044 |a SK 
245 1 0 |a Odhady pravdepodobnosti storna a ich použitie pri modelovaní peňažných tokov v životnom poistení  |b diplomová práca  |c Romana Klenovská ; školiteľ: Mária Bilíková 
264 1 |a Bratislava  |c 2016 
300 |a 63 s. 
100 1 |a Klenovská, Romana 
700 1 |a Bilíková, Mária, 1951- 
710 2 |a Fakulta hospodárskej informatiky EU. Katedra matematiky a aktuárstva